00810nam a2200265 a 4500001001300000003000900013005001700022008004100039020002600080082001800106100002000124245006200144260004700206300000900253500003500262505001000297650002300307650002300330650002000353700002000373902000800393942000700401952012100408999001500529nice12345678IN_TiNIC20260116013045.0050524s1988 chia grp 000 0 eng  a022605 c1102.500a297.1977bBIN aBinder, Leonard aIslamic Liberalismb a Critique of Development Ideologies aChicagobUniversity of Chicago Pressc1988 a399p aincludes index and biblioraphy2 aIndex aIslam-20th Century aIslam and Politics aIslam and State1 aBinder, Leonard bSRS cBK 001040708StackRoom-aHMIbHMId2013-09-16g1102.50l0o297.1977 BINp017638r2013-09-16v1102.50w2005-05-24yBK c9462d9462